01137nam a2200193Ia 4500001001100000003001000011008004100021040002500062041001300087100001700100245005600117250001100173260008600184300001200270500026200282501011400544520026200658650002300920L959-44689IT-CnALBA170116s9999||||xx |||||||||||||| ||und|| aIT-CnALBAcIT-CnALBA aITALIANO aGONIN ENRICO 0aFAMIJA ALBEISA. ENTE MORALE. VENT'ANNI. 1955-1975.  a1a ed. a ALBA - ASTI - TObLA TIPOGRAFICA c1976 [1° Ed.:1976 - Ed.Ling.Originale: 1976] a126 p.  aNASCITA. COSTITUENTE. BARBERO EDOARDO, PRIMO PRESIDENTE. BAGNA CAODA. LE TORRI. IL CARLEVÈ. 1957. PALLONE ELASTICO. MODIFICA DELLO STATUTO. RINASCITA DELLE MASCHERE DI ALBA. ALBA MEDFORD. POLENTA A NIELLA BELBO. CASTELLI DELL'ALBESE. ENOTECA REGIONALE. 19 aSocietà San Paolo EM - Piazza San Paolo, 14 - 12051 ALBA (CN) (non commercial uses only) ® Copyright 2017 aNASCITA. COSTITUENTE. BARBERO EDOARDO, PRIMO PRESIDENTE. BAGNA CAODA. LE TORRI. IL CARLEVÈ. 1957. PALLONE ELASTICO. MODIFICA DELLO STATUTO. RINASCITA DELLE MASCHERE DI ALBA. ALBA MEDFORD. POLENTA A NIELLA BELBO. CASTELLI DELL'ALBESE. ENOTECA REGIONALE. 19 aALBA E CIRCONDARIO